| 000 -LEADER |
| fixed length control field |
00973nam a22002057a 4500 |
| 003 - CONTROL NUMBER IDENTIFIER |
| control field |
OSt |
| 005 - DATE AND TIME OF LATEST TRANSACTION |
| control field |
20250923132631.0 |
| 008 - FIXED-LENGTH DATA ELEMENTS--GENERAL INFORMATION |
| fixed length control field |
250923b ||||| |||| 00| 0 eng d |
| 020 ## - INTERNATIONAL STANDARD BOOK NUMBER |
| International Standard Book Number |
9780573012259 |
| 040 ## - CATALOGING SOURCE |
| Transcribing agency |
KH8 |
| 082 ## - DEWEY DECIMAL CLASSIFICATION NUMBER |
| Classification number |
822 ANO |
| 100 ## - MAIN ENTRY--PERSONAL NAME |
| Personal name |
Anouilh, Jean, |
| Relator term |
author. |
| 245 ## - TITLE STATEMENT |
| Title |
The Lark / |
| Statement of responsibility, etc. |
Jean Anouilh and translated by Christopher Fry. |
| 260 ## - PUBLICATION, DISTRIBUTION, ETC. |
| Place of publication, distribution, etc. |
United Kingdom ; |
| Name of publisher, distributor, etc. |
Samuel French , |
| Date of publication, distribution, etc. |
1955. |
| 300 ## - PHYSICAL DESCRIPTION |
| Extent |
73 pages : |
| Dimensions |
20 cm. |
| 520 ## - SUMMARY, ETC. |
| Summary, etc. |
To the great lords of her time as well as the politicians of the Church expediency was God. So the Maid had to die. So to Warwick and Cauchon, her life has the'somewhat artificial, and certainly impersonal, quality of a play. Short scenes from it are played out during the trial as they struggle to turn her simplicity into heresy. But it is the glory of her life rather than the tragedy that is the triumphant climax of the play. |
| 650 ## - SUBJECT ADDED ENTRY--TOPICAL TERM |
| Topical term or geographic name entry element |
Drama |
| 700 ## - ADDED ENTRY--PERSONAL NAME |
| Personal name |
Fry, Christopher, |
| Relator term |
translator. |
| 942 ## - ADDED ENTRY ELEMENTS (KOHA) |
| Source of classification or shelving scheme |
|
| Koha item type |
Teaching Resources |